[Event "Sofia Accedia op"]
[Site "Sofia"]
[Date "2023.03.25"]
[Round "9"]
[White "Hristov, Nikolay Valeriev"]
[Black "Kanazirev, Pavel"]
[Result "1/2-1/2"]
[WhiteElo "2063"]
[BlackElo "2114"]
[PlyCount "27"]
[EventDate "2023.03.25"]
[EventType "swiss"]
[EventRounds "9"]
[EventCountry "BUL"]
[SourceTitle "CBM 213 Extra"]
[Source "ChessBase"]
[SourceDate "2023.05.31"]
[SourceVersion "1"]
[SourceVersionDate "2023.05.31"]
[SourceQuality "1"]

1. d4 Nf6 2. c4 e6 3. Nf3 b6 4. g3 Ba6 5. Qa4 Bb7 6. Bg2 c5 7. d5 exd5 8. Nh4 Bc6 9. Qc2 Be7 10. Nf5 0-0 11. cxd5 Nxd5 12. e4 Nb4 13. Qe2 Re8 14. 0-0 1/2-1/2

[Event "Sofia Accedia op"]
[Site "Sofia"]
[Date "2023.03.25"]
[Round "2"]
[White "Hristov, Nikolay Valeriev"]
[Black "Shishkov, Radul"]
[Result "1-0"]
[WhiteElo "2063"]
[BlackElo "1452"]
[PlyCount "39"]
[EventDate "2023.03.25"]
[EventType "swiss"]
[EventRounds "9"]
[EventCountry "BUL"]
[SourceTitle "CBM 213 Extra"]
[Source "ChessBase"]
[SourceDate "2023.05.31"]
[SourceVersion "1"]
[SourceVersionDate "2023.05.31"]
[SourceQuality "1"]

1. d4 Nf6 2. c4 g6 3. Nc3 Bg7 4. e4 c5 5. d5 e6 6. e5 Ng8 7. f4 d6 8. Nf3 dxe5 9. fxe5 Ne7 10. Be3 b6 11. Bd3 Bb7 12. dxe6 fxe6 13. Ng5 Nf5 14. Bxf5 Qxd1+ 15. Rxd1 exf5 16. Ne6 Bxe5 17. Rd8+ Ke7 18. Rxh8 Kxe6 19. Re8+ Kd6 20. Nb5+ 1-0

[Event "Varna op-A 9th"]
[Site "Varna"]
[Date "2015.07.03"]
[Round "8"]
[White "Hristov, Nikolay Valeriev"]
[Black "Lornye, Pylyp"]
[Result "1-0"]
[WhiteElo "2055"]
[BlackElo "2214"]
[PlyCount "123"]
[EventDate "2015.06.26"]
[EventType "swiss"]
[EventRounds "9"]
[EventCountry "BUL"]
[SourceTitle "CBM 167 Extra"]
[Source "ChessBase"]
[SourceDate "2015.09.14"]
[SourceVersion "1"]
[SourceVersionDate "2015.09.14"]
[SourceQuality "1"]

1. e4 d6 2. d4 Nf6 3. Nc3 g6 4. Be3 c6 5. Qd2 b5 6. f3 Bg7 7. Nge2 0-0 8. h4 h5 9. 0-0-0 b4 10. Na4 Qa5 11. b3 c5 12. dxc5 Bd7 13. cxd6 exd6 14. Bd4 Bxa4 15. Qg5 Bb5 16. Bxf6 Bxf6 17. Qxf6 Qxa2 18. Nf4 Nd7 19. Qb2 Qxb2+ 20. Kxb2 Bxf1 21. Rhxf1 Ne5 22. Rxd6 a5 23. Rd5 Nc6 24. Rc5 Nd4 25. Ra1 Kg7 26. Nd3 f5 27. e5 f4 28. Raxa5 Rxa5 29. Rxa5 Nf5 30. Nxf4 Re8 31. Ra7+ Kh6 32. e6 Nxh4 33. e7 Kg7 34. Rb7 Nf5 35. g4 hxg4 36. fxg4 Ne3 37. g5 Kf7 38. Rxb4 Rxe7 39. Rb6 Re5 40. Rf6+ Ke8 41. Nxg6 Nd1+ 42. Kc1 Re1 43. Kd2 Rg1 44. Re6+ Kf7 45. Re1 Rxe1 46. Kxe1 Ne3 47. Kd2 Nf1+ 48. Ke2 Ng3+ 49. Kf3 Nf5 50. Ne5+ Ke6 51. Nc6 Kd6 52. Kf4 Ng7 53. Nd4 Kd5 54. Nf5 Ne6+ 55. Kg4 Nf8 56. Kh5 Ke5 57. Nh4 Nd7 58. g6 Kf6 59. c4 Nb6 60. Kh6 Nd7 61. g7 Kf7 62. Kh7 1-0

[Event "Varna op-A 9th"]
[Site "Varna"]
[Date "2015.06.29"]
[Round "4"]
[White "Enchev, Ivajlo"]
[Black "Hristov, Nikolay Valeriev"]
[Result "1-0"]
[WhiteElo "2408"]
[BlackElo "2055"]
[PlyCount "59"]
[EventDate "2015.06.26"]
[EventType "swiss"]
[EventRounds "9"]
[EventCountry "BUL"]
[SourceTitle "CBM 167 Extra"]
[Source "ChessBase"]
[SourceDate "2015.09.14"]
[SourceVersion "1"]
[SourceVersionDate "2015.09.14"]
[SourceQuality "1"]

1. Nf3 Nf6 2. c4 g6 3. b4 Bg7 4. Bb2 d6 5. g3 0-0 6. Bg2 e5 7. d3 Nh5 8. Nc3 c6 9. Qb3 Be6 10. 0-0 f5 11. b5 f4 12. bxc6 Nxc6 13. Ba3 g5 14. Qxb7 Rc8 15. Ne4 Na5 16. Qa6 Rc6 17. Qb5 a6 18. Qb4 g4 19. Nfg5 Bf5 20. Nxd6 f3 21. exf3 Bxd3 22. fxg4 Qxg5 23. Qxa5 Bxf1 24. Bxc6 Qxg4 25. Qd5+ Kh8 26. Rxf1 Qg6 27. Qe4 Qg5 28. h4 Qf6 29. Ne8 Rxe8 30. Bxe8 1-0

[Event "Plovdiv Tringov Memorial 36th"]
[Site "Plovdiv"]
[Date "2014.02.04"]
[Round "3"]
[White "Hristov, Nikolay Valeriev"]
[Black "Spassov, Liuben"]
[Result "1/2-1/2"]
[WhiteElo "1942"]
[BlackElo "2332"]
[PlyCount "65"]
[EventDate "2014.02.02"]
[EventType "swiss"]
[EventRounds "9"]
[EventCountry "BUL"]
[SourceTitle "CBM 158 Extra"]
[Source "ChessBase"]
[SourceDate "2014.02.28"]
[SourceVersion "1"]
[SourceVersionDate "2014.02.28"]
[SourceQuality "1"]

1. d4 Nf6 2. c4 e6 3. Nf3 Bb4+ 4. Bd2 c5 5. e3 0-0 6. Bd3 d6 7. 0-0 Bxd2 8. Qxd2 Nc6 9. Nc3 b6 10. Rad1 Bb7 11. Bb1 Na5 12. b3 Qe7 13. Qe2 Rfd8 14. Rd2 Rac8 15. Rfd1 cxd4 16. exd4 d5 17. Ne5 dxc4 18. bxc4 Qb4 19. Ne4 Bxe4 20. Bxe4 Nxc4 21. a3 Qc3 22. Rd3 Qb2 23. Qf3 Na5 24. Qf4 Rc3 25. g4 h6 26. d5 Rxd3 27. Rxd3 exd5 28. Bxd5 Rf8 29. Bg2 Re8 30. Nd7 Re1+ 31. Bf1 Qb1 32. Kg2 Rxf1 33. Qb8+ 1/2-1/2

[Event "Varna op U16"]
[Site "Varna"]
[Date "2013.07.03"]
[Round "9"]
[White "Mira, Sarhan"]
[Black "Hristov, Nikolay Valeriev"]
[Result "0-1"]
[WhiteElo "1291"]
[BlackElo "1926"]
[PlyCount "52"]
[EventDate "2013.06.24"]
[EventType "swiss"]
[EventRounds "9"]
[EventCountry "BUL"]
[SourceTitle "EXT 2014"]
[Source "ChessBase"]
[SourceDate "2013.11.20"]
[SourceVersion "1"]
[SourceVersionDate "2013.11.20"]
[SourceQuality "1"]

1. d4 d5 2. Nf3 Nf6 3. e3 c6 4. Bd3 g6 5. b3 Bg7 6. Bb2 Bf5 7. Be2 Nbd7 8. Ne5 Nxe5 9. dxe5 Nd7 10. f4 0-0 11. 0-0 f6 12. exf6 Nxf6 13. Nd2 Qb6 14. Bd4 c5 15. Bb2 Rad8 16. Re1 Ng4 17. Bxg4 Bxb2 18. Rb1 Bc3 19. Bxf5 Rxf5 20. Qe2 e5 21. fxe5 Rxe5 22. Nf3 Re4 23. Nd2 Re7 24. Rf1 Rxe3 25. Qf2 Re7 26. Rbe1 Bd4 0-1

[Event "Varna op U16"]
[Site "Varna"]
[Date "2013.06.30"]
[Round "6"]
[White "Hristov, Nikolay Valeriev"]
[Black "Metodiev, Veselin"]
[Result "0-1"]
[WhiteElo "1926"]
[BlackElo "1837"]
[PlyCount "122"]
[EventDate "2013.06.24"]
[EventType "swiss"]
[EventRounds "9"]
[EventCountry "BUL"]
[SourceTitle "EXT 2014"]
[Source "ChessBase"]
[SourceDate "2013.11.20"]
[SourceVersion "1"]
[SourceVersionDate "2013.11.20"]
[SourceQuality "1"]

1. d4 d5 2. c4 e6 3. Nc3 Nf6 4. Bg5 Be7 5. Nf3 h6 6. Bh4 c6 7. e3 Nbd7 8. cxd5 Nxd5 9. Bxe7 Qxe7 10. Bd3 Nxc3 11. bxc3 e5 12. Nd2 0-0 13. 0-0 Nf6 14. Qc2 b6 15. Rfe1 Bb7 16. e4 Rad8 17. Nf3 Nd7 18. Rad1 Kh8 19. Qb2 Rfe8 20. Bb1 c5 21. d5 Nf8 22. c4 Ng6 23. g3 Bc8 24. Bd3 Rd6 25. Be2 Bh3 26. Bf1 Qd7 27. Re3 Bxf1 28. Kxf1 Qh3+ 29. Ke2 f5 30. Kd2 fxe4 31. Rxe4 Qg2 32. Qc3 Rf6 33. Re3 Qxf2+ 34. Kc1 Qxa2 35. d6 Rd8 36. Nxe5 Nxe5 37. Rxe5 Rfxd6 38. Re8+ Rxe8 39. Rxd6 Qxh2 40. Rd7 Qg1+ 41. Kc2 Re2+ 42. Rd2 Rxd2+ 43. Qxd2 Qxg3 44. Qd5 Qf2+ 45. Kb3 Qe3+ 46. Ka4 Qe7 47. Kb5 Kh7 48. Ka6 g6 49. Qd3 h5 50. Qd5 h4 51. Qd3 Kh6 52. Qd2+ g5 53. Qc3 Qg7 54. Qh3 Qf7 55. Qd3 Qg6 56. Qc3 b5+ 57. Kxa7 Qg7+ 58. Qxg7+ Kxg7 59. cxb5 h3 60. b6 h2 61. b7 h1Q 0-1

[Event "Varna op U16"]
[Site "Varna"]
[Date "2013.06.28"]
[Round "4"]
[White "Hristov, Nikolay Valeriev"]
[Black "Malkov, Gleb"]
[Result "1-0"]
[WhiteElo "1926"]
[BlackElo "1602"]
[PlyCount "93"]
[EventDate "2013.06.24"]
[EventType "swiss"]
[EventRounds "9"]
[EventCountry "BUL"]
[SourceTitle "EXT 2014"]
[Source "ChessBase"]
[SourceDate "2013.11.20"]
[SourceVersion "1"]
[SourceVersionDate "2013.11.20"]
[SourceQuality "1"]

1. d4 d5 2. c4 e6 3. Nc3 Nf6 4. Bg5 Be7 5. Nf3 Nbd7 6. cxd5 exd5 7. e3 0-0 8. Bd3 h6 9. Bh4 c6 10. 0-0 Qc7 11. Rc1 Re8 12. Bb1 Bd6 13. Nb5 Qb8 14. Nxd6 Qxd6 15. Bg3 Qe7 16. Nd2 Nb6 17. Be5 Nbd7 18. Bf4 Nb6 19. Qc2 Bg4 20. Rce1 Rad8 21. b3 Bh5 22. f3 Bg6 23. Qc1 Bxb1 24. Qxb1 Qb4 25. Qc2 Nh5 26. Be5 Nd7 27. f4 f6 28. a3 Qa5 29. Bd6 f5 30. Bb4 Qc7 31. Qxf5 Nhf6 32. Rf3 a5 33. Bc3 Ne4 34. Nxe4 Rxe4 35. Rg3 Nf6 36. Qxf6 Rf8 37. Qxh6 b6 38. Qg5 Qf7 39. Rf1 Qf6 40. Qh5 Qf7 41. Qh3 Qf6 42. Qg4 Re7 43. b4 a4 44. b5 Rc7 45. bxc6 Rxc6 46. Bb4 Rf7 47. f5 1-0

[Event "Varna op U16"]
[Site "Varna"]
[Date "2013.06.26"]
[Round "3"]
[White "Stefanov, Emil"]
[Black "Hristov, Nikolay Valeriev"]
[Result "1-0"]
[WhiteElo "1929"]
[BlackElo "1926"]
[PlyCount "76"]
[EventDate "2013.06.24"]
[EventType "swiss"]
[EventRounds "9"]
[EventCountry "BUL"]
[SourceTitle "EXT 2014"]
[Source "ChessBase"]
[SourceDate "2013.11.20"]
[SourceVersion "1"]
[SourceVersionDate "2013.11.20"]
[SourceQuality "1"]

1. d4 d5 2. c4 c6 3. Nf3 Nf6 4. Qc2 e6 5. g3 Bd6 6. Bg2 h6 7. Nbd2 Nbd7 8. 0-0 0-0 9. e4 dxe4 10. Nxe4 Nxe4 11. Qxe4 Nf6 12. Qe2 c5 13. Rd1 cxd4 14. Nxd4 Qe7 15. Nb5 Bb8 16. b3 a6 17. Ba3 Qe8 18. Nd6 Bxd6 19. Bxd6 Nd7 20. Rd2 Qd8 21. Bxf8 Kxf8 22. Rad1 Qc7 23. Qd3 Kg8 24. h4 Ra7 25. Qd6 Qd8 26. c5 Kh7 27. h5 Qg5 28. Qc7 Qxh5 29. Qxc8 Ne5 30. Qd8 f5 31. Qh4 Qf7 32. Rd8 b6 33. cxb6 Rb7 34. Qf4 Ng4 35. Qxg4 fxg4 36. Be4+ g6 37. Bxb7 Qxb7 38. R8d7+ Kg8 1-0

[Event "Sunny Beach op 10th"]
[Site "Sunny Beach"]
[Date "2011.09.04"]
[Round "9"]
[White "Hristov, Nikolay Valeriev"]
[Black "Michna, Christian"]
[Result "0-1"]
[WhiteElo "1913"]
[BlackElo "2222"]
[PlyCount "110"]
[EventDate "2011.08.27"]
[EventType "swiss"]
[EventRounds "9"]
[EventCountry "BUL"]
[SourceTitle "CBM 144 Extra"]
[Source "ChessBase"]
[SourceDate "2011.10.28"]
[SourceVersion "1"]
[SourceVersionDate "2011.10.28"]
[SourceQuality "1"]

1. d4 e6 2. c4 b6 3. Nf3 Bb7 4. g3 Bb4+ 5. Bd2 Bxf3 6. exf3 Bxd2+ 7. Qxd2 d5 8. Bg2 Ne7 9. cxd5 exd5 10. 0-0 0-0 11. Nc3 Nd7 12. Rac1 Nf6 13. f4 Re8 14. Rfe1 Qd7 15. Re2 c6 16. Rce1 Ng6 17. Qd3 Rxe2 18. Rxe2 Re8 19. h3 Rxe2 20. Nxe2 Qe7 21. f5 Nf8 22. g4 h6 23. a3 N8h7 24. Qc2 Ng5 25. Ng3 Qe1+ 26. Kh2 Nge4 27. Nxe4 Nxe4 28. Bxe4 dxe4 29. Kg2 e3 30. fxe3 Qxe3 31. Qxc6 Qxd4 32. Qc8+ Kh7 33. Qc2 Qd5+ 34. Kg3 Qe5+ 35. Kg2 h5 36. Qf2 Qe4+ 37. Qf3 Qc2+ 38. Qf2 Qxf2+ 39. Kxf2 hxg4 40. hxg4 Kh6 41. Kf3 Kg5 42. Kg3 b5 43. b3 a5 44. b4 a4 45. Kf3 Kh4 46. Kf4 g5+ 47. Ke5 Kxg4 48. f6 Kh5 49. Kd4 g4 50. Ke3 Kg5 51. Ke4 Kxf6 52. Kf4 g3 53. Kxg3 Ke5 54. Kg4 Ke4 55. Kg3 f5 0-1

[Event "Sunny Beach op 10th"]
[Site "Sunny Beach"]
[Date "2011.09.03"]
[Round "8"]
[White "Novak, Michal"]
[Black "Hristov, Nikolay Valeriev"]
[Result "0-1"]
[WhiteElo "2125"]
[BlackElo "1913"]
[PlyCount "88"]
[EventDate "2011.08.27"]
[EventType "swiss"]
[EventRounds "9"]
[EventCountry "BUL"]
[SourceTitle "CBM 144 Extra"]
[Source "ChessBase"]
[SourceDate "2011.10.28"]
[SourceVersion "1"]
[SourceVersionDate "2011.10.28"]
[SourceQuality "1"]

1. e4 c5 2. Nf3 d6 3. d4 cxd4 4. Nxd4 Nf6 5. Nc3 g6 6. g3 Bg7 7. Bg2 0-0 8. 0-0 Nc6 9. h3 Rb8 10. Be3 a6 11. a4 Qc7 12. Qd2 Bd7 13. Rac1 Rfc8 14. Nde2 Ne5 15. Nf4 Nc4 16. Qe2 Nxe3 17. Qxe3 Qd8 18. Nfe2 b5 19. axb5 axb5 20. Nd4 b4 21. Nd5 Ne8 22. Qd2 e6 23. Ne3 Qb6 24. Rfd1 Rc7 25. Kh2 Rbc8 26. b3 Qc5 27. Nc4 d5 28. exd5 exd5 29. Ne3 Nf6 30. Qd3 Re8 31. Kg1 Ne4 32. Bf1 Ng5 33. Nb5 Nf3+ 34. Kg2 Ne5 35. Qd4 Bxb5 36. Nxd5 Bxf1+ 37. Kxf1 Qxd4 38. Rxd4 Rd7 39. f4 Ng4 40. Rxb4 Nh2+ 41. Kg1 Rxd5 42. Kxh2 Rd2+ 43. Kg1 Bd4+ 44. Kf1 Rf2+ 0-1

[Event "Albena op 19th"]
[Site "Albena"]
[Date "2011.07.02"]
[Round "8"]
[White "Hristov, Nikolay Valeriev"]
[Black "Simonian, Tigran"]
[Result "0-1"]
[WhiteElo "1913"]
[BlackElo "2294"]
[PlyCount "94"]
[EventDate "2011.06.25"]
[EventType "swiss"]
[EventRounds "9"]
[EventCountry "BUL"]
[SourceTitle "CBM 143 Extra"]
[Source "ChessBase"]
[SourceDate "2011.08.29"]
[SourceVersion "1"]
[SourceVersionDate "2011.08.29"]
[SourceQuality "1"]

1. d4 Nf6 2. c4 e6 3. Nf3 d5 4. Nc3 c6 5. Bg5 Nbd7 6. cxd5 exd5 7. e3 Be7 8. Bd3 0-0 9. Qe2 Re8 10. 0-0 Nf8 11. Rae1 Be6 12. Ne5 N6d7 13. Bxe7 Rxe7 14. f4 f6 15. Nf3 Rc8 16. e4 dxe4 17. Nxe4 Nb6 18. Nc5 Bf7 19. Qf2 Nd5 20. Nh4 Rxe1 21. Rxe1 Qc7 22. Nf5 Bg6 23. Qh4 Rd8 24. Ne6 Nxe6 25. Rxe6 Qxf4 26. Qe1 Rf8 27. Qf1 Bxf5 28. Bxf5 Qxd4+ 29. Qf2 Qxf2+ 30. Kxf2 g6 31. Bc2 Kf7 32. Re4 f5 33. Rh4 Kg7 34. Bb3 Rd8 35. Ra4 a6 36. Rd4 Rd7 37. a4 Kf6 38. a5 Ke5 39. Rd1 Kd6 40. Kg3 Re7 41. Bxd5 cxd5 42. Rd2 Re4 43. b3 d4 44. Kf3 Ke5 45. b4 Re3+ 46. Kf2 f4 47. g3 f3 0-1

[Event "Sofia Baharov Memorial 18th"]
[Site "Sofia"]
[Date "2010.11.26"]
[Round "2"]
[White "Hristov, Nikolay Valeriev"]
[Black "Orev, Petar"]
[Result "0-1"]
[WhiteElo "1916"]
[BlackElo "2252"]
[PlyCount "121"]
[EventDate "2010.11.25"]
[EventType "swiss"]
[EventRounds "7"]
[EventCountry "BUL"]
[SourceTitle "CBM 139 Extra"]
[Source "ChessBase"]
[SourceDate "2011.01.05"]
[SourceVersion "1"]
[SourceVersionDate "2011.01.05"]
[SourceQuality "1"]

1. d4 Nc6 2. c4 e5 3. d5 Nce7 4. g3 f5 5. Bg2 Nf6 6. Nf3 Ng6 7. h4 Nh5 8. Nc3 d6 9. Bg5 Be7 10. Qd2 h6 11. Bxe7 Qxe7 12. 0-0-0 0-0 13. Ne1 e4 14. Nc2 Ne5 15. e3 Nf6 16. b3 a5 17. Nd4 a4 18. Nxa4 Nxc4 19. Qc2 Ne5 20. Bf1 Nxd5 21. Bc4 Qf7 22. Nc3 Nxc4 23. bxc4 Nb4 24. Qb3 Nd3+ 25. Rxd3 exd3 26. Nd5 Be6 27. Nxe6 Qxe6 28. Nxc7 Qe4 29. Rd1 Rac8 30. c5+ Rf7 31. cxd6 Qc6+ 32. Kb1 Qxd6 33. Nd5 Rc2 34. Rxd3 Rxf2 35. Nf4 Rf1+ 36. Kb2 Qf6+ 37. Ka3 Kh7 38. Nh5 Qg6 39. Nf4 Qa6+ 40. Kb2 Qf6+ 41. Rd4 Rd7 42. Nd5 Qc6 43. Qd3 Qc1+ 44. Kb3 Rd6 45. Nf4 Qb1+ 46. Qxb1 Rxb1+ 47. Kc2 Rxd4 48. exd4 Rg1 49. d5 Kg8 50. d6 Kf7 51. Nd5 Ke6 52. Ne3 Rxg3 53. Nxf5 Rg2+ 54. Kc3 Rxa2 55. Nxg7+ Kxd6 56. Nf5+ Kc5 57. Nxh6 Ra3+ 58. Kc2 Ra4 59. Nf5 Rf4 60. Ng7 Rxh4 61. Ne6+ 0-1

[Event "Bobotsov Memorial 2nd"]
[Site "Sofia"]
[Date "2010.05.06"]
[Round "9"]
[White "Andreev, Dobrotich"]
[Black "Hristov, Nikolay Valeriev"]
[Result "0-1"]
[WhiteElo "2071"]
[BlackElo "1893"]
[PlyCount "34"]
[EventDate "2010.04.30"]
[EventType "swiss"]
[EventRounds "9"]
[EventCountry "BUL"]
[SourceTitle "CBM 136 Extra"]
[Source "ChessBase"]
[SourceDate "2010.07.02"]
[SourceVersion "2"]
[SourceVersionDate "2010.07.15"]
[SourceQuality "1"]

1. e4 c5 2. Nf3 Nc6 3. d4 cxd4 4. Nxd4 Nf6 5. Nc3 g6 6. Be3 Bg7 7. Bc4 0-0 8. Bb3 d6 9. h3 Bd7 10. 0-0 Rc8 11. f4 Qa5 12. Qd2 Nxd4 13. Bxd4 Nxe4 14. Qe3 Bxd4 15. Qxd4 Ng3 16. f5 Rxc3 17. fxg6 Ne2+ 0-1

[Event "Bobotsov Memorial 2nd"]
[Site "Sofia"]
[Date "2010.05.04"]
[Round "6"]
[White "Bodiroga, Predrag"]
[Black "Hristov, Nikolay Valeriev"]
[Result "1-0"]
[WhiteElo "2422"]
[BlackElo "1893"]
[PlyCount "83"]
[EventDate "2010.04.30"]
[EventType "swiss"]
[EventRounds "9"]
[EventCountry "BUL"]
[SourceTitle "CBM 136 Extra"]
[Source "ChessBase"]
[SourceDate "2010.07.02"]
[SourceVersion "2"]
[SourceVersionDate "2010.07.15"]
[SourceQuality "1"]

1. d4 Nf6 2. c4 g6 3. Nc3 Bg7 4. e4 d6 5. f3 0-0 6. Nge2 a6 7. Be3 Nbd7 8. a4 c5 9. d5 Qa5 10. Ra3 Ne5 11. Nc1 Bd7 12. Bd2 Qc7 13. Be2 Be8 14. 0-0 h5 15. Kh1 Nh7 16. f4 Nd7 17. Qe1 e6 18. Qg3 e5 19. f5 Ndf6 20. Nd3 Qe7 21. Ne1 Kh8 22. Nf3 gxf5 23. Nh4 f4 24. Qxg7+ Kxg7 25. Nf5+ Kh8 26. Nxe7 Bd7 27. Be1 Ng4 28. Nd1 Ng5 29. Bf3 Rae8 30. Nf5 Bxf5 31. exf5 Rg8 32. Bh4 f6 33. h3 Nh6 34. Bxh5 Ref8 35. Bg6 Ne4 36. Be1 Rxg6 37. fxg6 Nf5 38. Nc3 Neg3+ 39. Bxg3 Nxg3+ 40. Kg1 Nxf1 41. Kxf1 Kg7 42. Rb3 1-0

[Event "Wch U10"]
[Site "Kemer"]
[Date "2009.11.19"]
[Round "8"]
[White "Hristov, Nikolay Valeriev"]
[Black "Karthikeyan, Murali"]
[Result "0-1"]
[WhiteElo "1867"]
[BlackElo "1969"]
[PlyCount "72"]
[EventDate "2009.11.12"]
[EventType "swiss"]
[EventRounds "11"]
[EventCountry "TUR"]
[SourceTitle "EXT 2010"]
[Source "ChessBase"]
[SourceDate "2010.11.25"]
[SourceVersion "1"]
[SourceVersionDate "2010.11.25"]
[SourceQuality "1"]

1. d4 Nf6 2. c4 e6 3. Nc3 Bb4 4. Qc2 c5 5. e3 0-0 6. a3 cxd4 7. exd4 Be7 8. Nf3 d5 9. cxd5 exd5 10. Bd3 Nc6 11. h3 h6 12. 0-0 Be6 13. Bf4 Bd6 14. Bxd6 Qxd6 15. Rac1 Rac8 16. Rfd1 Nh5 17. Qd2 Qe7 18. Bb1 Qf6 19. Nb5 Nf4 20. Qe3 Rcd8 21. Nc3 Rfe8 22. Ne5 Qg5 23. Qg3 Nxe5 24. dxe5 Qxe5 25. Re1 Qf6 26. Nb5 Qxb2 27. Nc3 Nh5 28. Qd3 Nf6 29. Na4 Qa1 30. Qe3 Bd7 31. Qc5 Rxe1+ 32. Rxe1 Kh8 33. Nc3 Rc8 34. Qxc8+ Bxc8 35. Nxd5 Bf5 36. Nxf6 gxf6 0-1

[Event "Wch U10"]
[Site "Kemer"]
[Date "2009.11.16"]
[Round "6"]
[White "Hristov, Nikolay Valeriev"]
[Black "Nguyen Dang Hong, Phuc"]
[Result "1-0"]
[WhiteElo "1867"]
[BlackElo "1775"]
[PlyCount "75"]
[EventDate "2009.11.12"]
[EventType "swiss"]
[EventRounds "11"]
[EventCountry "TUR"]
[SourceTitle "EXT 2010"]
[Source "ChessBase"]
[SourceDate "2010.11.25"]
[SourceVersion "1"]
[SourceVersionDate "2010.11.25"]
[SourceQuality "1"]

1. d4 d5 2. c4 e6 3. Nc3 Nf6 4. Bg5 Nbd7 5. cxd5 exd5 6. Nf3 c6 7. e3 Be7 8. Bd3 0-0 9. Qc2 Re8 10. 0-0 h6 11. Bh4 Ne4 12. Bxe7 Qxe7 13. Bxe4 dxe4 14. Nd2 f5 15. Rae1 Nf6 16. f3 exf3 17. Nxf3 Qd6 18. Ne5 Ng4 19. Nxg4 fxg4 20. Ne4 Qd5 21. Nf6+ gxf6 22. Qg6+ Kh8 23. Qxh6+ Kg8 24. Qg6+ Kh8 25. Qxe8+ Kg7 26. Rf4 Qe6 27. Re4 Qxe8 28. Rxe8 Kf7 29. Rh8 Ke7 30. e4 b6 31. e5 f5 32. e6 Bb7 33. Rh7+ Ke8 34. e7 c5 35. Rh8+ Kd7 36. Rxa8 Bxa8 37. e8Q+ Kc7 38. Re7+ 1-0

[Event "Sofia CSKA-Thessaloniki U14"]
[Site "Sofia"]
[Date "2009.04.24"]
[Round "6"]
[White "Hristov, Nikolay Valeriev"]
[Black "Koutroukis, Andreas"]
[Result "1-0"]
[WhiteElo "1888"]
[BlackElo "1853"]
[PlyCount "85"]
[EventDate "2009.04.21"]
[EventType "schev"]
[EventRounds "7"]
[EventCountry "BUL"]
[SourceTitle "EXT 2012"]
[Source "ChessBase"]
[SourceDate "2011.11.24"]
[SourceVersion "1"]
[SourceVersionDate "2011.11.24"]
[SourceQuality "1"]

1. d4 Nf6 2. c4 g6 3. Nc3 Bg7 4. e4 d6 5. f4 0-0 6. Nf3 c5 7. d5 e6 8. Be2 exd5 9. cxd5 Bg4 10. 0-0 Re8 11. h3 Bxf3 12. Bxf3 Nbd7 13. Be3 a6 14. a4 Rb8 15. a5 b5 16. axb6 Rxb6 17. Qc2 Qc7 18. Rfd1 Reb8 19. Ra2 a5 20. Na4 Rb3 21. Bd2 Ne8 22. Be2 Bd4+ 23. Kh1 Qa7 24. Bc4 R3b7 25. Nc3 Rb4 26. b3 Qc7 27. Ne2 Bg7 28. Nc1 Nb6 29. Bxb4 axb4 30. Nd3 Ra8 31. Rxa8 Nxa8 32. Bb5 Nf6 33. e5 dxe5 34. d6 Qb7 35. fxe5 Qxb5 36. exf6 Bxf6 37. Qxc5 Qxc5 38. Nxc5 Bd8 39. d7 Kf8 40. Nb7 Ke7 41. Re1+ Kxd7 42. Rd1+ Kc7 43. Nxd8 1-0

[Event "Sofia CSKA-Thessaloniki U14"]
[Site "Sofia"]
[Date "2009.04.22"]
[Round "3"]
[White "Hristov, Nikolay Valeriev"]
[Black "Tsolaki, Eleni"]
[Result "1-0"]
[WhiteElo "1888"]
[BlackElo "1632"]
[PlyCount "115"]
[EventDate "2009.04.21"]
[EventType "schev"]
[EventRounds "7"]
[EventCountry "BUL"]
[SourceTitle "EXT 2012"]
[Source "ChessBase"]
[SourceDate "2011.11.24"]
[SourceVersion "1"]
[SourceVersionDate "2011.11.24"]
[SourceQuality "1"]

1. d4 g6 2. c4 Bg7 3. Nc3 c5 4. d5 Bxc3+ 5. bxc3 f5 6. Nf3 Qa5 7. Qc2 Nf6 8. Bh6 Ne4 9. Nd2 Nf6 10. h3 d6 11. g4 fxg4 12. Bg7 Rg8 13. Bxf6 exf6 14. Ne4 Qd8 15. hxg4 Bxg4 16. Rxh7 f5 17. Rb1 b6 18. f3 Bh5 19. Qa4+ Kf8 20. Nf2 Qe8 21. Qxe8+ Kxe8 22. Nd3 Nd7 23. Nf4 Nf6 24. Rc7 Nd7 25. Ne6 g5 26. Bg2 Bf7 27. e4 f4 28. Bh3 Rh8 29. Nxg5 Ne5 30. Ke2 Rh5 31. Nxf7 Nxf7 32. Rg1 Kf8 33. Be6 Rh2+ 34. Kd1 Rh7 35. Rg6 Re8 36. Rf6 Re7 37. Rxe7 Kxe7 38. Rxf7+ Rxf7 39. Bxf7 Kxf7 40. Ke2 Kf6 41. Kf2 a6 42. Kg2 b5 43. a3 Ke5 44. Kh3 b4 45. axb4 cxb4 46. cxb4 Kd4 47. c5 dxc5 48. d6 cxb4 49. d7 b3 50. d8Q+ Kc3 51. Qf6+ Kc2 52. e5 b2 53. Qf5+ Kc1 54. Qxf4+ Kd1 55. Qd4+ Kc1 56. Qc3+ Kb1 57. e6 Ka2 58. Qa5+ 1-0

[Event "Sofia CSKA-Thessaloniki U14"]
[Site "Sofia"]
[Date "2009.04.22"]
[Round "2"]
[White "Tompros, Andreas Hristos"]
[Black "Hristov, Nikolay Valeriev"]
[Result "1-0"]
[WhiteElo "1794"]
[BlackElo "1888"]
[PlyCount "75"]
[EventDate "2009.04.21"]
[EventType "schev"]
[EventRounds "7"]
[EventCountry "BUL"]
[SourceTitle "EXT 2012"]
[Source "ChessBase"]
[SourceDate "2011.11.24"]
[SourceVersion "1"]
[SourceVersionDate "2011.11.24"]
[SourceQuality "1"]

1. e4 e5 2. Nf3 Nc6 3. Bb5 a6 4. Bxc6 dxc6 5. 0-0 Bg4 6. h3 Bh5 7. g4 Bg6 8. Nxe5 Qh4 9. Qf3 Nf6 10. d3 Bd6 11. Bf4 h5 12. g5 Bxe5 13. Bxe5 Qxg5+ 14. Qg3 Qh6 15. Bxc7 h4 16. Qf4 Qxf4 17. Bxf4 Bh5 18. Nd2 Nh7 19. Kh2 g5 20. Be3 0-0-0 21. Rg1 f6 22. f4 Rhg8 23. Rg2 Rg7 24. Rag1 Rdg8 25. Nc4 Bf3 26. Rd2 g4 27. hxg4 Bxg4 28. Rdg2 Kd7 29. Bd4 Rg6 30. f5 Rg5 31. Be3 R5g7 32. Bh6 Ng5 33. Bxg7 Nf3+ 34. Kh1 Bh3 35. Bxf6 Bxg2+ 36. Rxg2 Rf8 37. Ne5+ Nxe5 38. Bxe5 1-0

[Event "Sofia CSKA-Thessaloniki U14"]
[Site "Sofia"]
[Date "2009.04.21"]
[Round "1"]
[White "Hristov, Nikolay Valeriev"]
[Black "Drakaki, Anna Maria"]
[Result "1-0"]
[WhiteElo "1888"]
[BlackElo "1601"]
[PlyCount "31"]
[EventDate "2009.04.21"]
[EventType "schev"]
[EventRounds "7"]
[EventCountry "BUL"]
[SourceTitle "EXT 2012"]
[Source "ChessBase"]
[SourceDate "2011.11.24"]
[SourceVersion "1"]
[SourceVersionDate "2011.11.24"]
[SourceQuality "1"]

1. d4 d5 2. c4 c6 3. Nc3 Nf6 4. Bg5 dxc4 5. e3 Bf5 6. Bxc4 e6 7. e4 b5 8. Bb3 b4 9. exf5 bxc3 10. fxe6 fxe6 11. bxc3 Qa5 12. Nf3 Nd5 13. 0-0 Ba3 14. Qe2 0-0 15. Qxe6+ Kh8 16. Ne5 1-0